Environmental information: the new regime (Record no. 74720)
[ view plain ]
| 000 -LEADER | |
|---|---|
| fixed length control field | 01576cab a2200205 4500 |
| 001 - CONTROL NUMBER | |
| control field | ABS68626 |
| 008 - FIXED-LENGTH DATA ELEMENTS--GENERAL INFORMATION | |
| fixed length control field | 050114n2005 000 0 eng u |
| 035 ## - SYSTEM CONTROL NUMBER | |
| System control number | (Sirsi) u128530 |
| 100 ## - MAIN ENTRY--PERSONAL NAME | |
| Personal name | Coppel, P. |
| 245 ## - TITLE STATEMENT | |
| Title | Environmental information: the new regime |
| 260 ## - PUBLICATION, DISTRIBUTION, ETC. | |
| Date of publication, distribution, etc. | 2005 |
| 490 ## - SERIES STATEMENT | |
| Series statement | Journal of Planning and Environment Law |
| Volume/sequential designation | January 2005, 12-33(22) |
| 520 ## - SUMMARY, ETC. | |
| Summary, etc. | Examines the new regime for accessing environmental information from any public authority as brought into force on 1 January 2005 by the "Environmental Information Regulations 2004" and the "Freedom of Information Act 2000", whose rights take effect on the same date. Considers the practical significance of the new regime including the relationship between the 2000 Act and the 2004 Regulations. Outlines the rights of access to environmental information and identifies similarities and differences between access to environmental information and other categories of officially held information. Concludes that the full significance of the new regime becomes clear when it is considered in conjunction with the ever increasing range of government decisions in which environmental consequences must be taken into account and the more conventional modes of personal involvement in planning or environmental decision making. |
| 590 ## - LOCAL NOTE (RLIN) | |
| Local note | ABS |
| 650 ## - SUBJECT ADDED ENTRY--TOPICAL TERM | |
| Topical term or geographic name entry element | FREEDOM OF INFORMATION ACT 2000 |
| 650 ## - SUBJECT ADDED ENTRY--TOPICAL TERM | |
| Topical term or geographic name entry element | ENVIRONMENTAL INFORMATION REGULATIONS 2004 |
| 650 ## - SUBJECT ADDED ENTRY--TOPICAL TERM | |
| Topical term or geographic name entry element | TOWN AND COUNTRY PLANNING (ENVIRONMENTAL IMPACT ASSESSMENT) REGULATIONS 1999 |
| 690 ## - LOCAL SUBJECT ADDED ENTRY--TOPICAL TERM (OCLC, RLIN) | |
| Topical term or geographic name as entry element | ENVIRONMENTAL AND LAND CONSULTANCY |
| 942 ## - ADDED ENTRY ELEMENTS (KOHA) | |
| Suppress in OPAC | 0 |
| Withdrawn status | Lost status | Source of classification or shelving scheme | Damaged status | Not for loan | Home library | Current library | Shelving location | Date acquired | Total Checkouts | Full call number | Barcode | Date last seen | Copy number | Price effective from | Koha item type |
|---|---|---|---|---|---|---|---|---|---|---|---|---|---|---|---|
| Dewey Decimal Classification | London | London | Journal article | 14/01/2005 | ABS68626 | 128530-1001 | 06/08/2019 | 1 | 06/08/2019 | Journal article |